| 000 | 00474nam a2200181Ia 4500 | ||
|---|---|---|---|
| 005 | 20260429112133.0 | ||
| 008 | 260429s9999||||xx |||||||||||||| ||und|| | ||
| 020 | _a9788119642564 | ||
| 041 | _aEnglish | ||
| 082 |
_a398 _bBUR |
||
| 100 | _aBurne, Charlotte Sophia | ||
| 245 | 0 |
_aHandbook of folklore / _cCharlotte Sophia Burne |
|
| 250 | _a1st ed. | ||
| 260 |
_aJaipur : _bHilltop Publications, _c2025. |
||
| 300 | _ax, 364 p.; hb | ||
| 650 | _aFolklore | ||
| 942 | _cTB | ||
| 999 |
_c52540 _d52540 |
||